=LDR 00000nam 2200000 4500 =001 INLIS000000000040793 =005 20141010092219.0 =006 =007 =008 Ind =035 ##$$a 0010-061300000040793 =041 ##$$a Ind =082 ##$$a 615.882 =090 ##$$a 615.882, Tan s =100 ##$$a Tanujaya, Alin =245 ##$$a Sehat ala Kaisar China/ Alin Tanujaya =260 ##$$a 2011 $b Yogyakarta =300 ##$$a 116 hlm., 21 cm =650 ##$$a Pengobatan Tradisional =850 ##$$a NBPNMAT =990 ##$$a 21195050/BPAP-NTB/2014